00497 2200193 4500001002100000005001500021008004100036020002300077035001900100041000700119082001300126090001900139100002700158245003600185260002300221300003200244500001100276650001600287INLIS00000000000132120241224112328241224||||||||| | ||| |||| || |  aISBN 602-7819-86-3 0010-1224001321 aid0 a371. 102 a371. 102 GHU m0 aM. Ghufran H. Kordi K.00aManusia Sekolah Sekolah Manusia bPustaka Baru Press axii, + 188 hlm.; 14 x 20 cm aCet. 1 0aIlmu Sosial